MisterWives Discography - Statistics

General Stats
  • This quiz has been taken 15 times
  • The average score is 38 of 66
Answer Stats
Album Song % Correct
Connect the Dots Band Camp
100%
Our Own House Box Around the Sun
100%
Our Own House Coffins
100%
Nosebleeds Dagger
100%
Our Own House Our Own House
100%
Connect the Dots Out of Tune Piano
100%
Our Own House Reflections
100%
SUPERBLOOM SUPERBLOOM
100%
SUPERBLOOM the end
100%
Nosebleeds Trigger Pull
100%
Nosebleeds Trip Around The Sun
100%
SUPERBLOOM whywhywhy
100%
SUPERBLOOM 7 - 2
67%
Our Own House Best I Can Do
67%
Connect the Dots Chasing This
67%
SUPERBLOOM coming up for air
67%
Single Easy
67%
Our Own House Hurricane
67%
Our Own House Imagination Infatuation
67%
SUPERBLOOM it's my turn
67%
Connect the Dots Let the Light In
67%
Connect the Dots Machine
67%
Connect the Dots My Brother
67%
Our Own House No Need For Dreaming
67%
Nosebleeds Nosebleeds
67%
Our Own House Not Your Way
67%
Our Own House Oceans
67%
Connect the Dots Oh Love
67%
Nosebleeds: Encore Organized Chaos
67%
Nosebleeds Other Side
67%
SUPERBLOOM oxygen
67%
Our Own House Queens
67%
SUPERBLOOM running in place
67%
Single Same Drugs
67%
Nosebleeds Silver Lining
67%
Nosebleeds Ultraviolet
67%
Our Own House Vagabond
67%
SUPERBLOOM valentine's day
67%
Nosebleeds: Encore Vultures
67%
Single Where Do We Go From Here?
67%
SUPERBLOOM 3 small words
33%
Nosebleeds All The Same
33%
SUPERBLOOM alone
33%
Single Bored
33%
Nosebleeds Broken Glass
33%
SUPERBLOOM decide to be happy
33%
Connect the Dots Drummer Boy
33%
Nosebleeds End Of My Rope
33%
SUPERBLOOM find my way home
33%
Nosebleeds Flower Moon
33%
SUPERBLOOM ghost
33%
Single Kings & Queens
33%
SUPERBLOOM love me true
33%
SUPERBLOOM muse
33%
Single Never Give Up On Me
33%
Nosebleeds Our Of Your Mind
33%
Connect the Dots Revolution
33%
SUPERBLOOM rock bottom
33%
Nosebleeds Sideways
33%
SUPERBLOOM stories
33%
Nosebleeds Too Late
33%
Single Twisted Tongue
33%
Single Wrongside
33%
Single Dreams
0%
Connect the Dots Only Human
0%
SUPERBLOOM over the rainbow
0%
No matching quizzes found
Score Distribution
Percent of People with Each Score
Percentile by Number Answered
Your Score History
You have not taken this quiz